00977nam a2200241Ia 4500001000600000003000900006008004100015040001300056040001300069041001300082100001800095100002900113245004600142245003200188250001100220260001000231260001000241260004900251300005900300500030200359650004300661650003100704G2490IT-RoPAU130308s9999 xx 000 0 und d aIT-RoPAU cIT-RoPAU aFRANCESE aSinclair Anne gCodice Aut. SPICS: 54240 aValeurs dans la societè francaise (Les) bEtat de l'opinion 1994 (L') a1a ed. aPARIS bSeuil c1994 [1° Ed.:1994 - Ed.Ling.Originale:1994] a"20 p. (prefazione: no ; testo: 20 [pagine: 219-238])" aValori nella Società Francese. Tabelle di Sondaggi. Individualismo e Ripiegamento Sulla sfera Privata. Sfiducia Crescente Verso le istituzioni Economiche. I Media Subiscono una Crisi di Credibilità. cambiamenti delle Modalità D'Impiego Non S'Accompagna All'Aggravamento della Crisi Politica. aSOCIOLOGIA DELLA COMUNICAZIONE SOCIALE eCodice materia Spics: 3806